India.
| Format: | Book |
|---|---|
| Published: |
Singapore:
Apa Publications,
2004.
|
| Series: | Insight guides
|
| Subjects: |
| LEADER | 00549cam a2200181 7i4500 | ||
|---|---|---|---|
| 001 | 0000014912 | ||
| 005 | 20050105090000.0 | ||
| 020 | 0 | 0 | |a 981-4137-80-4 |
| 090 | 0 | 0 | |a INDA 915.404 |b IND |
| 245 | 0 | 0 | |a India. |
| 260 | 0 | 0 | |a Singapore: |b Apa Publications, |c 2004. |
| 300 | # | # | |a 416 p.. |
| 440 | 0 | 0 | |a Insight guides |
| 650 | 0 | 0 | |a India -- |x Guidebooks |
| 651 | 0 | 0 | |a India |
| 999 | |a SBH000018B |b Book |c Countries |e MATRADE Sabah | ||
| 999 | |a PNG000067B |b Book |c Countries |e MATRADE Northern Regional Office | ||
| 999 | |a B000016519 |b Book |c Countries |e Business Information Centre | ||


